000 01069cam a22003133u 4500
001 7498815
003 OSt
005 20180116183027.0
006 m d
007 cr n
008 091201s1913 ||||||||s|||||||| ||||| d
020 _a0
035 _a(WaSeSS)ssib001747799
040 _aWaSeSS
_cWaSeSS
_dWaSeSS
_erda
082 _a813.54 ROH 1968
100 1 _a Sax Rohmer
245 1 0 _a Fu-Manchu
_c Sax Rohmer
260 _bGreat Britain
_c1968
300 _a189 p.
_bPB
440 _a Fu-Manchu
500 _aTitle from content provider.
506 _aLicense restrictions may limit access.
700 1 _aRohmer, Sax,
_d1883-1959.
773 0 _tProject Gutenberg Online Catalog
856 4 0 _uhttp://www.columbia.edu/cgi-bin/cul/resolve?clio7498815.001
_zFull text available from Project Gutenberg Online Catalog
856 4 0 _uhttp://www.columbia.edu/cgi-bin/cul/resolve?clio7498815.002
_zFull text available from Project Gutenberg Online Catalog
910 _aSerials Solutions supplemental brief record
942 _2ddc
_cBK
999 _c350840
_d350840